[Event "Wch U20"]
[Site "Sharjah"]
[Date "1985.??.??"]
[Round "10"]
[White "Kuczynski, Robert"]
[Black "Dlugy, Maxim"]
[Result "0-1"]
[WhiteElo "2405"]
[BlackElo "2495"]

1.e4 c5 2.Nf3 Nc6 3.Bb5 g6 4.O-O Bg7 5.c3 e5 6.d4 cxd4 7.cxd4 exd4 8.Bf4 a6
9.Ba4 b5 10.Bb3 d6 11.Bd5 Nge7 12.Bg5 Qb6 13.Bxe7 Kxe7 14.Nbd2 Be6 15.Nb3 Rac8
16.Qd2 Bxd5 17.exd5 Ne5 18.Nbxd4 Nxf3+ 19.Nxf3 Rhe8 20.Rfe1+ Kf8 21.Rxe8+ Kxe8
22.Rc1 Rxc1+ 23.Qxc1 Qc5 24.Qd2 Kd7 25.g3 Qc4 26.b3 Qe4 27.Ne1 Bd4 28.Nc2 Bc5
29.h4 Qf3 30.Kf1 f5 31.b4 Bb6 32.Ne1 Qh1+ 33.Ke2 Qe4+ 34.Kf1 f4 35.Qxf4 Qxd5
36.Qh6 Qxa2 37.Qxh7+ Kc6 38.Nd3 Qb1+ 39.Ne1 Qf5 40.f3 Qh3+ 41.Ke2 Qxg3 42.Qg8 Qf2+
43.Kd1 Qd4+ 44.Kc2 Qc4+ 45.Qxc4+ bxc4 46.Kc3 d5 47.Nc2 Bf2  0-1

[Event "BUL-ch"]
[Site "Sofia"]
[Date "1985.??.??"]
[Round "3"]
[White "Tringov, Georgi P"]
[Black "Semkov, Semko"]
[Result "1/2-1/2"]
[WhiteElo "2460"]
[BlackElo "2415"]

1.e4 c5 2.Nf3 Nc6 3.Bb5 g6 4.O-O Bg7 5.Re1 Nf6 6.Bxc6 dxc6 7.d3 O-O 8.Nc3 Ne8
9.Be3 b6 10.h3 Nc7 11.Qd2 Ne6 12.Bh6 Nd4 13.Nxd4 cxd4  1/2-1/2

[Event "Vestmannaeyjum"]
[Site "Vestmannaeyjum"]
[Date "1985.??.??"]
[Round "4"]
[White "Asmundsson, Ingvar"]
[Black "Lein, Anatoly"]
[Result "0-1"]
[WhiteElo "2400"]
[BlackElo "2465"]

1.e4 c5 2.Nf3 Nc6 3.Bb5 e6 4.O-O Nge7 5.Re1 Nd4 6.Nxd4 cxd4 7.c3 Nc6 8.Qa4 Bc5
9.b4 Bb6 10.c4 O-O 11.Bb2 Bc7 12.c5 f5 13.e5 Nxe5 14.Bxd4 Nf7 15.Bb2 a5 16.d4 Bb8
17.Nd2 Ra7 18.bxa5 Rxa5 19.Qb3 d5 20.cxd6 Nxd6 21.Bf1 Rd5 22.Re5 Ne4 23.Rxe4 fxe4
24.Nxe4 Bxh2+ 25.Kxh2 Qh4+ 26.Kg1 Qxe4 27.Rc1 Qh4 28.g3 Qf6 29.Qe3 Bd7 30.Bg2 Bc6
31.Ba3 Ra8 32.Bxd5 Bxd5 33.Rc7 Qf5 34.Qf4 Qxf4 35.gxf4 Rxa3  0-1

[Event "OHRA-B"]
[Site "Amsterdam"]
[Date "1986.??.??"]
[Round "2"]
[White "Weemaes, Ronald"]
[Black "Mednis, Edmar John"]
[Result "0-1"]
[WhiteElo "2335"]
[BlackElo "2470"]

1.e4 c5 2.Nf3 Nc6 3.Bb5 g6 4.O-O Bg7 5.d3 Nf6 6.Nc3 O-O 7.Re1 Nd4 8.Nxd4 cxd4
9.Ne2 d5 10.exd5 Qxd5 11.Bc4 Qd6 12.Ng3 Bd7 13.Bg5 h6 14.Bxf6 Qxf6 15.f4 e6
16.Qf3 Bc6 17.Ne4 Qh4 18.Qf2 Qxf2+ 19.Kxf2 Rfd8 20.Nd2 b5 21.Bb3 Rdc8 22.Rec1 Rab8
23.a4 a6 24.axb5 axb5 25.Nf3 Ra8 26.Re1 Kf8 27.Ne5 Rxa1 28.Rxa1 Bxe5 29.fxe5 Bd5
30.Ra5 Bxb3 31.cxb3 Rc5 32.Ra8+ Kg7 33.Rd8 Rc2+ 34.Kf3 Rxb2 35.Rxd4 Rxb3
36.g4 g5 37.Rd7 Rb2 38.h3 Rh2 39.Kg3 Rd2 40.d4 b4 41.Kf3 Kg6 42.Rd6 Kg7 43.Rd8 Rd3+
44.Kg2 b3 45.Rb8 Rd2+ 46.Kg3 b2 47.Kf3 Rd3+ 48.Kg2 Rd2+ 49.Kf3 Rxd4 50.Rxb2 Rd3+
51.Kg2 Re3 52.Rb5 Kg6 53.Rc5 h5 54.gxh5+ Kxh5 55.Rc7 Kg6 56.Rc5 Re4 57.Kg3 Rf4
58.Rc2 Kf5 59.Re2 g4 60.hxg4+ Rxg4+ 61.Kf3 Rf4+ 62.Kg3 Re4  0-1

[Event "Asousados"]
[Site "Asousados"]
[Date "1986.??.??"]
[Round "?"]
[White "Gonzalez, Sergio"]
[Black "Garces"]
[Result "1-0"]
[WhiteElo "2300"]
[BlackElo "2300"]

1.e4 c5 2.Nf3 Nc6 3.Bb5 g6 4.O-O Bg7 5.Re1 Qc7 6.c3 a6 7.Bf1 e5 8.d4 d6 9.Be3 b6
10.b4 Nd8 11.bxc5 bxc5 12.dxc5 dxc5 13.Qd5 Bb7 14.Qxc5 Rc8 15.Qxc7 Rxc7 16.Bb6 Rc6
17.Bxd8 Kxd8 18.Nbd2 Rxc3 19.Nc4 Nh6 20.Nfxe5 Kc7 21.Rad1 Bc8 22.Rd5 Bxe5
23.Rxe5 Be6 24.Rc5+ Kd8 25.h3 Ke7 26.f4 Rc8 27.Rxc8 Bxc8 28.a4 Be6 29.Ne3 Ra3
30.Bxa6 Rxa4 31.Bb7 Ng8 32.f5 Ba2 33.Ra1 Bb3 34.Rb1 Ba2 35.Rb6 Nf6 36.e5 Nd7
37.f6+ Kd8 38.Rd6 Kc7 39.Nd5+ Bxd5 40.Rxd5 Nb6 41.e6 fxe6 42.f7 Rf4 43.Rd4 Rxf7
44.Bf3 Rd7 45.Re4 Kd6 46.h4 Nd5 47.Kh2 Rb7 48.Kg3 Ra7 49.Re1 Ra5 50.Rb1 Ra7
51.Kg4 Re7 52.Ra1 e5 53.Ra6+ Kc5 54.Ra5+ Kd4 55.Rxd5+ Ke3 56.Kg3 e4 57.Bg4 Ra7
58.Rd7 Ra6 59.Rxh7 Kd2 60.Kf4 e3 61.Re7  1-0

[Event "Bayern-ch"]
[Site "Bayern"]
[Date "1986.??.??"]
[Round "?"]
[White "Schmidt, Gerhardt"]
[Black "Roeder, Frank"]
[Result "1-0"]
[WhiteElo "2235"]
[BlackElo "2325"]

1.e4 c5 2.Nf3 Nc6 3.Bb5 g6 4.O-O Bg7 5.c3 e5 6.d4 cxd4 7.cxd4 exd4 8.Bf4 a6
9.Ba4 b5 10.Bb3 d6 11.a4 Rb8 12.axb5 axb5 13.Na3 h6 14.Nc2 g5 15.Nfxd4 Nxd4
16.Nxd4 gxf4 17.Nc6 Qc7 18.Nxb8 Qxb8 19.Qh5 Qb7 20.Rfc1 Bxb2 21.Ra7  1-0

[Event "Berlin op"]
[Site "Berlin-West"]
[Date "1986.??.??"]
[Round "?"]
[White "Hazai, Laszlo"]
[Black "Marosi, Gyorgy"]
[Result "1-0"]
[WhiteElo "2480"]
[BlackElo "2330"]

1.e4 c5 2.Nf3 Nc6 3.Bb5 g6 4.O-O Bg7 5.Re1 e5 6.c3 Nge7 7.Na3 O-O 8.Nc2 d6
9.Bc4 a6 10.a3 b5 11.Ba2 Qb6 12.d3 a5 13.a4 b4 14.Ne3 Rb8 15.Bc4 Qc7 16.h4 Be6
17.h5 Bxc4 18.dxc4 Qd7 19.Nd5 Nxd5 20.cxd5 Nd8 21.Nd2 f5 22.Nc4 Nb7 23.cxb4 cxb4
24.hxg6 hxg6 25.Be3 f4 26.Bb6 f3 27.Re3 Qg4 28.Rxf3 Qxe4 29.Rxf8+ Rxf8 30.Nxa5 Nxa5
31.Bxa5 Qf4 32.Bb6 e4 33.Bd4 Bxd4 34.Qxd4 Rc8 35.g3 Rc1+ 36.Rxc1 Qxc1+ 37.Kg2 Qc2
38.a5 e3 39.Qxe3 Qxb2 40.a6 Qa2 41.a7 b3 42.Qe8+  1-0

[Event "Copenhagen op"]
[Site "Copenhagen"]
[Date "1986.??.??"]
[Round "1"]
[White "Fette, Martin"]
[Black "Pigusov, Evgeny"]
[Result "0-1"]
[WhiteElo "2320"]
[BlackElo "2495"]

1.e4 c5 2.Nf3 Nc6 3.Bb5 g6 4.O-O Bg7 5.c3 e5 6.d4 cxd4 7.cxd4 exd4 8.Bf4 Nge7
9.Bd6 O-O 10.Nbd2 b6 11.Nb3 Bb7 12.Nbxd4 Nxd4 13.Nxd4 Re8 14.Rc1 Nc6 15.Nxc6 dxc6
16.Bxc6 Bxc6 17.Rxc6 Rxe4 18.Qc2 Qe8 19.Rc7 Re2 20.Qc4 b5 21.Qd5 Rd8 22.Qc5 a6
23.Ra7 Re6 24.Re7 Rxe7 25.Bxe7 Bd4 26.Qa3 Bxb2 27.Qxb2 Qxe7 28.h3 Rd5 29.Rc1 Qd7
30.Qf6 Rd6 31.Rc8+ Qxc8 32.Qxd6 Qe6 33.Qd8+ Kg7 34.Qa5 h5 35.h4 Qc6 36.g3 Kf6
37.Kh2 Kf5 38.Qd8 Qe6  0-1

[Event "Copenhagen op"]
[Site "Copenhagen"]
[Date "1986.??.??"]
[Round "2"]
[White "Fette, Martin"]
[Black "Hartung Nielsen, Jens"]
[Result "1-0"]
[WhiteElo "2320"]
[BlackElo "2290"]

1.e4 c5 2.Nf3 Nc6 3.Bb5 Nf6 4.e5 Nd5 5.Nc3 Nxc3 6.dxc3 d5 7.exd6 exd6 8.Bf4 Be7
9.Qd3 O-O 10.O-O-O Qb6 11.Bc4 Na5 12.Bd5 Bd7 13.Rhe1 Rae8 14.Rxe7 Rxe7 15.Bxd6 Rfe8
16.Ng5 g6 17.Bxe7 Rxe7 18.Nxf7 Kg7 19.Qd2 Be6 20.Ng5 Bf5 21.c4 Nc6 22.Re1 Qd8
23.Rxe7+ Qxe7 24.Bxc6 bxc6 25.Qe3 Qd6 26.Qc3+ Kg8 27.Qh8+ Kxh8 28.Nf7+ Kg7
29.Nxd6 Be6 30.b3 Kf6 31.Nb7 Ke5 32.Nxc5 Bc8 33.Kd2 Kd4 34.Nd3 Bf5 35.c3+ Ke4
36.f3+  1-0

[Event "Delmenhorst"]
[Site "Delmenhorst"]
[Date "1986.??.??"]
[Round "?"]
[White "Kruszynski, Wlodzimierz"]
[Black "Borik, Otto"]
[Result "1-0"]
[WhiteElo "2360"]
[BlackElo "2365"]

1.e4 c5 2.Nf3 Nc6 3.Bb5 d6 4.O-O Bd7 5.c3 a6 6.Ba4 Nf6 7.Re1 b5 8.Bc2 e5
9.h3 Rc8 10.d3 g6 11.Bg5 Bg7 12.Nbd2 h6 13.Be3 O-O 14.Nf1 Nh5 15.Qd2 g5 16.N3h2 Ne7
17.Bd1 Nf4 18.d4 exd4 19.cxd4 Ne6 20.Nf3 d5 21.e5 cxd4 22.Bxd4 Nxd4 23.Nxd4 Be6
24.Bc2 Re8 25.Ng3 Nc6 26.Nxc6 Rxc6 27.Qd3 g4 28.hxg4 Bxg4 29.f4 Rc4 30.Rf1 Kf8
31.Bb3 Qb6+ 32.Kh2 Rd4 33.Qe3 Re6 34.Rac1 Rc4 35.Qe1 Rxc1 36.Qxc1 Rc6 37.Qd2 Qd8
38.Bxd5 Rc5 39.Qb4 Qe7 40.Qd4 Rc2 41.Be4 Rc4 42.Qd3 Kg8 43.b3 Rc8 44.Nf5 Bxf5
45.Bxf5 Rd8 46.Qe3 b4 47.Bh3 Bf8 48.Rc1 Rd5 49.Rc6 a5 50.Qg3+ Kh8 51.Rc8 Rd8
52.Rc2 Rd5 53.Qf3 Rc5 54.Rd2 Rc1 55.Qe3 Rc3 56.Qf2 Qc5 57.Qxc5 Bxc5 58.Rd8+ Kg7
59.Bf5 Be3 60.g3 h5 61.Bd3 h4 62.Kh3 hxg3 63.Kxg3 Bb6 64.Rd6 Bc7 65.Rd7 Bb6
66.e6 Rc7 67.Rxc7 Bxc7 68.e7  1-0

[Event "Dortmund op"]
[Site "Dortmund"]
[Date "1986.??.??"]
[Round "6"]
[White "Kraut, Rainer"]
[Black "Conquest, Stuart"]
[Result "1/2-1/2"]
[WhiteElo "2240"]
[BlackElo "2400"]

1.e4 c5 2.Nf3 Nc6 3.Bb5 g6 4.O-O Bg7 5.Re1 Nf6 6.e5 Nd5 7.Nc3 Nc7 8.Bxc6 bxc6
9.Ne4 Ne6 10.d3 O-O 11.Be3 d6 12.Qd2 Re8 13.exd6 exd6 14.Rab1 f5 15.Neg5 Nc7
16.h4 Bd7 17.c4 Ne6 18.Nxe6 Bxe6 19.b3 Qc7 20.h5 Rad8 21.hxg6 hxg6 22.Bg5 Rb8
23.Bf4 Bf7 24.d4 cxd4 25.Nxd4 Qb6 26.Nf3 Rbd8 27.Bg5 Rd7 28.Rxe8+ Bxe8 29.Re1 Qb8
30.Nd4 Rf7 31.Ne6 Be5 32.f4 Bh8 33.c5 dxc5 34.Nd8 Bd4+ 35.Kh2 Rh7+ 36.Kg3 Bd7
37.Qe2 Qd6 38.b4 cxb4 39.Qc4+ Qd5 40.Qxb4 Bc5 41.Qc3 Bd4 42.Qa3 Qc4 43.Qb3 Qxb3+
44.axb3 c5 45.Ne6 Bxe6 46.Rxe6 Rb7 47.Rxg6+ Kf7 48.Rc6 Rxb3+ 49.Kh4 Ke8 50.Kh5 Kd7
51.Ra6 c4 52.Ra4 Rc3 53.Kg6 Ke6 54.g4 fxg4 55.f5+ Kd5 56.Ra5+ Ke4 57.f6 g3
58.f7 Rf3 59.Ra2 Bf2 60.Bf6 g2 61.f8=Q g1=Q+ 62.Kf7 Rxf6+ 63.Kxf6 Bd4+ 64.Ke6 Qg4+
65.Kd6 Qg6+ 66.Kd7 Qg4+ 67.Kd6 Be5+ 68.Ke7  1/2-1/2

[Event "Dresden Post"]
[Site "Dresden"]
[Date "1986.??.??"]
[Round "?"]
[White "Mathe, Gaspar"]
[Black "Gauglitz, Gernot"]
[Result "1-0"]
[WhiteElo "2375"]
[BlackElo "2445"]

1.e4 c5 2.Nf3 Nc6 3.Bb5 g6 4.O-O Bg7 5.c3 e5 6.d4 cxd4 7.cxd4 Nxd4 8.Nxd4 exd4
9.e5 a6 10.Ba4 Ne7 11.Qxd4 b5 12.Bb3 O-O 13.Bg5 Nc6 14.Qh4 Qc7 15.Nc3 Qxe5
16.Rae1 Qf5 17.g4 Qd3 18.Re3 Qd4 19.Rd1 Qc5 20.Ne4 Qe5 21.f4 Qc7 22.Nf6+ Bxf6
23.Bxf6 Qb6 24.Rd3  1-0

[Event "Dresden Post"]
[Site "Dresden"]
[Date "1986.??.??"]
[Round "?"]
[White "Kubien, Jerzy"]
[Black "Kalinitschew, Sergey"]
[Result "0-1"]
[WhiteElo "2255"]
[BlackElo "2410"]

1.e4 c5 2.Nf3 Nc6 3.Bb5 d6 4.O-O Bd7 5.Re1 a6 6.Bf1 Nf6 7.c3 Bg4 8.d3 e6
9.Nbd2 Be7 10.h3 Bh5 11.a4 O-O 12.Qc2 d5 13.g4 Bg6 14.Nh4 Nxg4 15.Nxg6 fxg6
16.hxg4 Bh4 17.Re2 Bxf2+ 18.Rxf2 Rxf2 19.Kxf2 Qh4+ 20.Kg1 Rf8 21.Bg2 Qf2+
22.Kh1 Qh4+ 23.Kg1 Qf2+ 24.Kh1 Qe2 25.Qb3 Ne5 26.Nf3 Nxf3 27.Bg5 Nxg5 28.exd5 Qxg4
29.dxe6 Nxe6 30.Rf1 Rxf1+ 31.Bxf1 h5 32.Bg2 Kh7 33.Qxb7 Qh4+ 34.Kg1 Qe1+
35.Kh2 Nf4 36.Qxa6 Qh4+ 37.Kg1 Qe1+ 38.Kh2 h4 39.Qc6 Qg3+ 40.Kh1 Qe1+ 41.Kh2 Qg3+
42.Kh1 h3 43.Be4 Qe1+ 44.Kh2 Qf2+ 45.Kh1 h2 46.Bxg6+ Kh6  0-1

[Event "Agria op"]
[Site "Eger"]
[Date "1986.??.??"]
[Round "?"]
[White "Horvath, Zoltan"]
[Black "Nemeth, Zoltan"]
[Result "0-1"]
[WhiteElo "2320"]
[BlackElo "2260"]

1.e4 c5 2.Nf3 Nc6 3.Bb5 e5 4.O-O Nge7 5.Re1 g6 6.c3 Bg7 7.a4 O-O 8.Bf1 d6
9.Na3 h6 10.Nc2 Be6 11.d4 cxd4 12.cxd4 Bb3 13.Qd3 Bxc2 14.Qxc2 Nxd4 15.Nxd4 exd4
16.Ra3 Rc8 17.Qd1 Qc7 18.Rh3 Kh7 19.Bd3 Ng8 20.g4 Rfe8 21.g5 d5 22.gxh6 Bf6
23.Bd2 dxe4 24.Rxe4 Rxe4 25.Bxe4 Qd7 26.Rb3 b6 27.a5 b5 28.Qf3 Rc5 29.Qh3 Qe7
30.Qg2 Bh4 31.Rh3 Re5 32.Bd3 f5 33.f4 Rc5 34.b4 Rc7 35.Bxb5 Rc2 36.Rd3 Be1
37.Ba4 Rb2 38.Kf1 Rb1 39.Rb3 Ra1  0-1

[Event "Elenite op"]
[Site "Elenite"]
[Date "1986.??.??"]
[Round "?"]
[White "Kurtenkov, Atanas"]
[Black "Nikolov, Stefan"]
[Result "1-0"]
[WhiteElo "2455"]
[BlackElo "2290"]

1.e4 c5 2.Nf3 Nc6 3.Bb5 Nf6 4.Nc3 a6 5.Bxc6 dxc6 6.d3 Bg4 7.Bg5 Qc7 8.Qe2 e6
9.Bxf6 gxf6 10.h3 Bxf3 11.Qxf3 Be7 12.O-O-O O-O-O 13.Kb1 h5 14.h4 Qe5 15.Ne2 Rdg8
16.g3 Rg4 17.Nc3 f5 18.exf5 Qxf5 19.Qe3 Bf6 20.Ne4 Be7 21.Nd2 Rd8 22.Nc4 Bf6
23.Qe1 Qf3 24.Rf1 Rgd4 25.Qe3 Qg4 26.Rde1 Qf5 27.Re2 Kb8 28.Qc1 Ka7 29.Qe1 R8d7
30.Ne5 Rc7 31.Qa5 b6 32.Qe1 Rd5 33.Nc4 Rcd7 34.Re3 Bd4 35.Re4 Qf3 36.Rf4 Qg2
37.Rg1 Qh3 38.Rh1 Qg2 39.Qe4 Qxe4 40.dxe4 Re5 41.c3  1-0

[Event "Hamburg HSG/BUE"]
[Site "Hamburg"]
[Date "1986.??.??"]
[Round "?"]
[White "Rostalski, Walter"]
[Black "Muender, Michael"]
[Result "0-1"]
[WhiteElo "2265"]
[BlackElo "2280"]

1.e4 c5 2.Nf3 Nc6 3.Bb5 g6 4.O-O Bg7 5.c3 Nf6 6.Re1 O-O 7.d4 Qb6 8.Bf1 d6
9.d5 Nb8 10.Nbd2 Qc7 11.a4 b6 12.Nc4 Ba6 13.Bg5 h6 14.Bh4 g5 15.Bg3 Bxc4
16.Bxc4 Nh5 17.Nd2 Nxg3 18.hxg3 Nd7 19.Nf1 Ne5 20.Ne3 Nxc4 21.Nxc4 a6 22.Ne3 b5
23.Qh5 e6 24.f4 Qe7 25.dxe6 fxe6 26.f5 Qe8 27.Qg4 b4 28.Rac1 bxc3 29.bxc3 Rf6
30.Qd1 Kh8 31.g4 Qc6 32.Nc4 exf5 33.exf5 Re8 34.Rxe8+ Qxe8 35.Rb1 Qe4 36.Rb8+ Kh7
37.Nb6 d5 38.Qxd5 Qe1+ 39.Kh2 Rf8 40.Rb7 Re8 41.Rxg7+ Kxg7 42.f6+ Kh8  0-1

[Event "Hamburg-ch"]
[Site "Hamburg"]
[Date "1986.??.??"]
[Round "?"]
[White "Rostalski, Walter"]
[Black "Gruenberg, Rainer"]
[Result "1-0"]
[WhiteElo "2265"]
[BlackElo "2245"]

1.e4 c5 2.Nf3 Nc6 3.Bb5 g6 4.O-O Bg7 5.c3 a6 6.Ba4 b5 7.Bb3 c4 8.Bc2 d5 9.b3 cxb3
10.axb3 d4 11.Nxd4 Nxd4 12.cxd4 Bxd4 13.Ra2 Nf6 14.Nc3 b4 15.Ne2 Bg4 16.h3 Bxe2
17.Qxe2 Qd6 18.Bd3 a5 19.Bb5+ Kf8 20.d3 Kg7 21.Bb2 Bxb2 22.Qxb2 Qb6 23.Bc4 Rhd8
24.Rfa1 Kg8 25.Qe5  1-0

[Event "URS-FL"]
[Site "Irkutsk"]
[Date "1986.??.??"]
[Round "?"]
[White "Romanishin, Oleg M"]
[Black "Vyzmanavin, Alexey"]
[Result "0-1"]
[WhiteElo "2560"]
[BlackElo "2480"]

1.e4 c5 2.Nf3 Nc6 3.Bb5 g6 4.O-O Bg7 5.c3 Nf6 6.Re1 O-O 7.h3 Qb6 8.Na3 d6
9.d4 cxd4 10.cxd4 d5 11.e5 Ne4 12.Bd3 Be6 13.Nc2 Rac8 14.b3 f6 15.exf6 exf6
16.Bxe4 dxe4 17.Rxe4 Bd5 18.Re1 Rfd8 19.Bb2 f5 20.Ng5 Bf6 21.Ne6 Rd6 22.Nc5 Bf7
23.Rc1 Nxd4 24.Na4 Qd8 25.Nxd4 Rxc1 26.Qxc1 Bxd4 27.Bxd4 Rxd4 28.Nc3 Rd3
29.Rd1 a5 30.Rxd3 Qxd3 31.Na4 b5 32.Nb6 Qd6 33.Nc8 Qe5 34.Qd2 a4 35.bxa4 bxa4
36.Nb6 a3 37.f4 Qc5+ 38.Qf2 Qxf2+ 39.Kxf2 Bxa2  0-1

[Event "ISR-ch"]
[Site "?"]
[Date "1986.??.??"]
[Round "?"]
[White "Veinger, Itzchak"]
[Black "Kagan, Shimon"]
[Result "1/2-1/2"]
[WhiteElo "2410"]
[BlackElo "2415"]

1.e4 c5 2.Nf3 Nc6 3.Bb5 g6 4.O-O Bg7 5.c3 Nf6 6.Re1 O-O 7.d4 cxd4 8.cxd4 d5
9.e5 Ne4 10.Nc3 Nxc3 11.bxc3 Na5 12.Ba3 Bd7 13.Bd3 Rc8 14.Bb4 Nc4 15.Bxc4 Rxc4
16.Qb3 b6 17.Qa3 Qc7 18.Bxe7 Rc8 19.Bb4 a5 20.Bd6 Qc6 21.Qc1 Rxc3 22.Qf4 h6
23.h4 Be6 24.Be7 Kh7 25.Bf6 Bf8 26.Kh2 Qc4 27.Rab1 b5 28.Rb2 b4 29.Nd2 Qd3
30.Nb3 a4 31.Re3 Qf5 32.Qxf5 Bxf5 33.Na5 Be6  1/2-1/2

[Event "ISR-ch"]
[Site "?"]
[Date "1986.??.??"]
[Round "?"]
[White "Veinger, Itzchak"]
[Black "Birnboim, Nathan"]
[Result "1-0"]
[WhiteElo "2410"]
[BlackElo "2430"]

1.e4 c5 2.Nf3 Nc6 3.Bb5 Nf6 4.Nc3 e5 5.Bxc6 dxc6 6.Nxe5 Nxe4 7.Nxe4 Qd4 8.Qe2 Qxe5
9.f4 Qe6 10.f5 Qe5 11.d4 cxd4 12.O-O Bc5 13.Kh1 O-O 14.Bf4 Qd5 15.c4 d3 16.Qe1 Qd4
17.Bd2 Qe5 18.Nxc5 Qxc5 19.Bb4 Qxc4 20.Bxf8 Kxf8 21.Qe5 Qd5 22.Qxd5 cxd5
23.Rf3 d2 24.Rd1 Bd7 25.Rxd2 Re8 26.Kg1 Re5 27.g4 h5 28.h3 hxg4 29.hxg4 Re4
30.Rg3 d4 31.Kf2 Rf4+ 32.Ke1 Bb5 33.Rf2 Re4+ 34.Kd2 Ke7 35.g5 Kd6 36.g6 f6
37.Rh3 Re7 38.Rh8 d3 39.Rf8 Rc7 40.Kd1 Bc4 41.b3 Bb5 42.a4 Bc6 43.Kd2 Bd5
44.Rd8+ Ke5 45.Re8+ Kd6 46.Kxd3 Bxb3 47.Rf4 Bc2+ 48.Kd2 Kd5 49.a5 Bb1 50.Ke3 Rc3+
51.Kf2 Rc7 52.Kg3 Bc2 53.Rd8+ Ke5 54.Kg4 Bb3 55.Rb4 Bc4 56.Re8+ Kd6 57.Rb2  1-0

[Event "URS-FL"]
[Site "Kujbyshev"]
[Date "1986.??.??"]
[Round "?"]
[White "Huzman, Alexander"]
[Black "Yakovich, Yuri"]
[Result "1/2-1/2"]
[WhiteElo "2390"]
[BlackElo "2440"]

1.e4 c5 2.Nf3 Nc6 3.Bb5 g6 4.O-O Bg7 5.Bxc6 dxc6 6.d3 e5 7.Nbd2 Nh6 8.a4 Qe7
9.Nc4 f6 10.a5 O-O 11.Nfd2 Be6 12.Nb3 Rab8 13.Be3 b6 14.f3 Nf7 15.Qd2 Qc7
16.axb6 axb6 17.Qc3 Bh6 18.Bf2 Bg7 19.Be3 Bh6 20.Bf2 Bg7 21.Be3 Bh6  1/2-1/2

[Event "Lauda MA"]
[Site "Lauda"]
[Date "1986.??.??"]
[Round "5"]
[White "Schlenker, Jochen"]
[Black "Vatter, Hans Joachim"]
[Result "1/2-1/2"]
[WhiteElo "2265"]
[BlackElo "2265"]

1.e4 c5 2.Nf3 Nc6 3.Bb5 g6 4.O-O Bg7 5.c3 Nf6 6.d3 O-O 7.Be3 d6 8.h3 Bd7
9.a4 a6 10.Bc4 Rb8 11.Na3 Na5 12.Ba2 b5 13.axb5 axb5 14.e5 Ne8 15.exd6 exd6
16.Bg5 Nf6 17.Qd2 Qb6 18.Bh6 b4 19.Nc4 Nxc4 20.Bxc4 Bc6 21.Bxg7 Kxg7 22.Ra6 Qb7
23.Nh4 h6 24.Rfa1 d5 25.Bb3 bxc3 26.bxc3 Ra8 27.Rxa8 Rxa8 28.Rxa8 Qxa8 29.Qa2 Qe8
30.Qd2 Qb8 31.Bd1 Qb1 32.Kh2 Qb8+ 33.Kg1 Qd8 34.Nf3 d4 35.cxd4 Bxf3 36.Bxf3 Qxd4
37.Qe3 Qd6 38.Qe2 Nd7 39.Qb2+ Kh7 40.Qb3 Ne5 41.Bd5 Qf6 42.g3 Kg7 43.Kg2 h5
44.Qc3 Qd6 45.Be4 Kg8 46.f4 Nd7 47.Qc4 Kf8 48.Qd5 Qe7 49.Qb7 Qd6 50.Bd5 Qe7
51.Kf2 Nf6 52.Kf3 Qxb7 53.Bxb7 Ke7 54.g4 hxg4+ 55.hxg4 Kd6 56.g5 Ne8 57.Ba6  1/2-1/2

[Event "URS-ch sf"]
[Site "Lvov"]
[Date "1986.??.??"]
[Round "5"]
[White "Yandemirov, Valeri"]
[Black "Lisenko, Alexander V"]
[Result "1-0"]
[WhiteElo "2315"]
[BlackElo "2370"]

1.e4 c5 2.Nf3 Nc6 3.Bb5 g6 4.O-O Nf6 5.Qe2 Bg7 6.c3 O-O 7.e5 Ne8 8.d4 cxd4
9.cxd4 d6 10.Nc3 Bg4 11.Rd1 Nc7 12.Bxc6 bxc6 13.h3 Bxf3 14.Qxf3 d5 15.Na4 f6
16.exf6 Rxf6 17.Qe2 Qd6 18.Be3 Ne6 19.Rac1 Nf4 20.Qd2 Raf8 21.Nc5 Bh6 22.Rc2 g5
23.Nd3 Nxd3 24.Qxd3 Rg6 25.Rdc1 Qd7 26.Qd1 Bg7 27.Qg4 Qxg4 28.hxg4 Rb8 29.Rxc6 Rxc6
30.Rxc6 Rxb2 31.Ra6 Rb1+ 32.Kh2 Rb7 33.g3 Kf7 34.Kg2 Bf6 35.Ra4 Rc7 36.Kf3 Rc4
37.Rxc4 dxc4 38.Ke4 e6 39.d5 a6 40.f4 exd5+ 41.Kxd5 c3 42.Bc1 Kg6 43.f5+ Kf7
44.Ke4 h6 45.Be3 Kg7 46.a4 Kf7 47.Kd3 Be5 48.Bf2 Kf6  1-0

[Event "URS-ch otbor"]
[Site "Minsk"]
[Date "1986.??.??"]
[Round "?"]
[White "Petrienko, Vladimir"]
[Black "Vyzmanavin, Alexey"]
[Result "0-1"]
[WhiteElo "2505"]
[BlackElo "2470"]

1.e4 c5 2.Nf3 Nc6 3.Bb5 g6 4.O-O Bg7 5.c3 Nf6 6.d4 Nxe4 7.d5 Nd6 8.a4 Na5
9.Re1 O-O 10.Bg5 Re8 11.Na3 b6 12.Qe2 a6 13.Bd3 f6 14.Bf4 e5 15.dxe6 dxe6
16.b4 Nab7 17.Bxa6 e5 18.Be3 Be6 19.Red1 Qe7 20.Nc4 Ne4 21.Bxb7 Qxb7 22.Nd6 Nxd6
23.Rxd6 e4 24.Ne1 Bf8 25.Rdd1 Qa6 26.Qxa6 Rxa6 27.bxc5 bxc5 28.h4 Rea8 29.g3 Rxa4
30.Rxa4 Rxa4 31.Ng2 Bg4 32.Rb1 Ra3 33.Rc1 Kf7 34.Nf4 Bd6 35.Kf1 g5 36.hxg5 fxg5
37.Nd5 h6 38.Ke1  0-1

[Event "URS-ch otbor"]
[Site "Minsk"]
[Date "1986.??.??"]
[Round "?"]
[White "Kengis, Edvins"]
[Black "Kozlov, Vladimir N"]
[Result "1-0"]
[WhiteElo "2475"]
[BlackElo "2400"]

1.e4 c5 2.Nf3 Nc6 3.Bb5 Qb6 4.a4 a6 5.Bxc6 Qxc6 6.Nc3 e6 7.d4 cxd4 8.Qxd4 Nf6
9.Ne5 Qc5 10.Be3 Qxd4 11.Bxd4 Be7 12.Nc4 O-O 13.e5 Ne8 14.Ne4 f6 15.Nb6 Rb8
16.Bc5 Bxc5 17.Nxc5 Rf7 18.f4 fxe5 19.fxe5 Nc7 20.O-O-O Nd5 21.a5 Nxb6 22.axb6 Rf5
23.Rhf1 Rxe5 24.Rxd7 Rd5 25.Re7 Rf5 26.Rxf5 exf5 27.g3 h6 28.Kd2 Kh7 29.Ke3 Kg6
30.Kd4 Kf6 31.Re8 g5 32.Nd7+ Bxd7 33.Rxb8 Bc6 34.Rh8 Kg6 35.Rc8 Bg2 36.c4 Kh5
37.c5 f4 38.gxf4 gxf4 39.c6 bxc6 40.Kc5  1-0

[Event "Philadelphia"]
[Site "Philadelphia"]
[Date "1986.??.??"]
[Round "?"]
[White "Dehmelt, Karl"]
[Black "Costigan, Richard"]
[Result "0-1"]
[WhiteElo "2355"]
[BlackElo "2310"]

1.e4 c5 2.Nf3 Nc6 3.Bb5 d6 4.O-O Bd7 5.c3 e5 6.d4 Qc7 7.dxe5 dxe5 8.h3 Nf6
9.Re1 Be7 10.Nbd2 a6 11.Ba4 b5 12.Bb3 c4 13.Bc2 O-O 14.Nf1 Rfd8 15.Qe2 Be6
16.Bg5 h6 17.Be3 Bf8 18.Ng3 g6 19.Rad1 Nd7 20.Nf5 Kh7 21.Nh2 Nf6 22.Ng3 Rxd1
23.Rxd1 Rd8 24.Rf1 Ng8 25.Bb1 b4 26.h4 bxc3 27.bxc3 Qa5 28.Qe1 Qa3 29.f4 exf4
30.Bxf4 Bg7 31.Ne2 Qc5+ 32.Kh1 Nf6 33.Bg3 Nh5 34.Bf2 Qd6 35.Nf3 Bg4 36.Ned4 Ne5
37.Qe3 Bxf3 38.gxf3 Qf6 39.Bc2 Rb8 40.Rb1 Rxb1+ 41.Bxb1 Bf8 42.Bc2 Bd6 43.Kg2 Bb8
44.Kf1 Qd6 45.Ne2 Qd7 46.f4 Ng4 47.Qd4 Nh2+ 48.Kg2 Qg4+ 49.Kxh2 Bxf4+  0-1

[Event "POL-ch"]
[Site "?"]
[Date "1986.??.??"]
[Round "4"]
[White "Kuczynski, Robert"]
[Black "Dejkalo, Stefan"]
[Result "1/2-1/2"]
[WhiteElo "2410"]
[BlackElo "2435"]

1.e4 c5 2.Nf3 Nc6 3.Bb5 g6 4.O-O Bg7 5.c3 Nf6 6.Re1 O-O 7.d4 cxd4 8.cxd4 d5
9.e5 Ne4 10.Nc3 Bf5 11.Nh4 Be6 12.Ne2 g5 13.Nf3 h6 14.Bd3 Qd7 15.Ng3 Nxg3
16.hxg3 Bf5 17.Be3 Rac8 18.Re2 Rc7 19.Rc1 Rfc8 20.Bxf5 Qxf5 21.Rec2 Qd7 22.Ne1 f5
23.exf6 exf6 24.a4 Bf8 25.Qf3  1/2-1/2

[Event "Quebec int"]
[Site "Quebec"]
[Date "1986.??.??"]
[Round "9"]
[White "Lein, Anatoly"]
[Black "Barbeau, Sylvain"]
[Result "1/2-1/2"]
[WhiteElo "2535"]
[BlackElo "2290"]

1.e4 c5 2.Nf3 Nc6 3.Bb5 g6 4.O-O Bg7 5.Nc3 e5 6.a3 Nge7 7.b4 b6 8.Rb1 O-O
9.d3 h6 10.Bc4 d6 11.Nd5 Be6 12.c3 Kh7 13.Re1 Qd7 14.Qb3 Rab8 15.Qa4 Nxd5
16.Bxd5 Nd4 17.Qxd7 Nxf3+ 18.gxf3 Bxd7 19.Kg2 f5 20.c4 Ba4 21.Rb2 f4 22.Bd2 Rfe8
23.b5 Re7 24.h4 Rf8 25.Rh1 Rf6 26.Kf1 h5 27.Ke2 Bh6 28.Rbb1 Kg7 29.Rbg1 Kh7
30.Rg2 Kg7 31.Bc3 Kh7 32.Kd2 Kg7 33.Rhg1 Kh7 34.Rb1 Kg7 35.Ra1 Kh7 36.Rc1 Kg7
37.Re1 Kh7 38.Rf1 Kg7 39.Rh2 Kh7 40.Rg1 Kg7 41.Rhg2 Kh7 42.Rb1 Bg7  1/2-1/2

[Event "Sao Paulo"]
[Site "Sao Paulo"]
[Date "1986.??.??"]
[Round "?"]
[White "Van Riemsdijk, Dirk D"]
[Black "Sveshnikov, Evgeny"]
[Result "1/2-1/2"]
[WhiteElo "2280"]
[BlackElo "2560"]

1.e4 c5 2.Nf3 Nc6 3.Bb5 e6 4.O-O Nge7 5.Nc3 a6 6.Bxc6 Nxc6 7.d4 cxd4 8.Nxd4 d6
9.Nxc6 bxc6 10.Qg4 Qf6 11.f4 Be7 12.e5 Qg6 13.Qxg6 hxg6 14.exd6 Bxd6 15.Ne4 Bc7
16.Be3 e5 17.Bc5 exf4 18.Bd6 Bb6+ 19.Kh1 Bf5 20.Rae1 O-O-O 21.Bxf4 Bxe4 22.Rxe4 Rhe8
23.Ree1 Bf2 24.Rxe8 Rxe8 25.Bg3 Bxg3 26.hxg3 Re2 27.Rxf7 Rxc2 28.b3 Rxa2
29.Rxg7 Ra3 30.Rxg6 Kc7 31.Rg7+ Kb6 32.Rg8 a5 33.g4 Kb7 34.Rg7+ Ka6 35.Rg6 Kb6
36.Rg8 Kb7 37.Rg7+ Kb6 38.Rg8 Kb7  1/2-1/2

[Event "BCF-ch"]
[Site "Southampton"]
[Date "1986.??.??"]
[Round "7"]
[White "Hazelton, Martin"]
[Black "Barber, Haydn J"]
[Result "1/2-1/2"]
[WhiteElo "2145"]
[BlackElo "2320"]

1.e4 c5 2.Nf3 Nc6 3.Bb5 g6 4.O-O Bg7 5.c3 Nf6 6.Re1 O-O 7.d4 cxd4 8.cxd4 d5
9.e5 Ne4 10.Nc3 Nxc3 11.bxc3 Bg4 12.Be2 Na5 13.Bg5 Rc8 14.Rc1 Nc4 15.Nd2 Bxe2
16.Qxe2 Nxd2 17.Qxd2 Qd7 18.Bh6 Rc6 19.Bxg7 Kxg7 20.Re3 h5 21.Rce1 e6 22.Rh3 Rh8
23.Kh1 Qe7 24.Rg1 Rcc8 25.Rb1 Rc4 26.Rg1 Qa3 27.Qf4 Rxc3 28.Rxc3 Qxc3 29.Rc1 Qa5
30.Qf6+ Kh7 31.Qxf7+ Kh6 32.h4 Qd8 33.Rc7 Qxh4+ 34.Kg1 Qd8 35.Rd7 Qf8 36.Qxe6 Qf4
37.Qf7 Qxf7 38.Rxf7 Rh7 39.Rxh7+ Kxh7 40.a4 b6 41.f4 Kg7 42.Kf2 Kf7 43.Ke3 a6
44.g3 Ke7 45.Kd3 Kd7 46.Kc3 Kc7 47.Kb3  1/2-1/2

[Event "BCF-ch"]
[Site "Southampton"]
[Date "1986.??.??"]
[Round "9"]
[White "Hazelton, Martin"]
[Black "Kwiatkowski, Feliks J"]
[Result "1/2-1/2"]
[WhiteElo "2145"]
[BlackElo "2255"]

1.e4 c5 2.Nf3 Nc6 3.Bb5 g6 4.O-O Bg7 5.c3 e5 6.d3 Nge7 7.Be3 d6 8.d4 exd4
9.cxd4 O-O 10.Nc3 Qb6 11.Bxc6 Qxc6 12.Qb3 Bg4 13.d5 Qa6 14.Nd2 Bd7 15.a4 Qb6
16.Qxb6 axb6 17.Nc4 Bxc3 18.bxc3 Nc8 19.Bf4  1/2-1/2